| 000 | 00444nam a2200157Ia 4500 | ||
|---|---|---|---|
| 008 | 160316s1984 xxu||||| |||| 00| 0 eng d | ||
| 082 |
_a345.050000 _bPER |
||
| 100 | _aPerkins Rollin M | ||
| 245 | _aCases and materials on criminal law and procedure | ||
| 250 | _a | ||
| 260 |
_aSt. Paul,Minn _bWest Publishing Co. _c1984 |
||
| 300 |
_a1186p _bc20 c _c |
||
| 365 | _bGratis | ||
| 650 | _a1.Criminal Procedure - U S A | ||
| 700 |
_aBoyce Ronald N _a |
||
| 999 |
_c7333 _d7333 |
||